1046 1657 1950 1878 1010 1728 1492 1633 1805 1315 1768 1813 1197 1985 1697 1973 1070 1159 1207 1510 1037 1761 1655 1303 1196 1696 1717 1525 1050 1808 1549 1490 1408 1640 1687 1834 1387 1254 1989 1501 1175 1148 1706 1806 1181 1504 1393 1351 1644 1417 1141 1055 1847 1571 1867 1019 1269 1935 1841 1731 1354 1753 1228 1549 1095 1202 1218 1766 1567 1900 1409 1476 1086 1652 1151 1949 1617 1253 1806 1717 1769 1138 1177 1051 1240 1178 1870 1326 1065 1883 1361 1723 1534 1824 1779 1240 1459 1536 1282 BCNSPRNW ULIB Ver.6.0+V

เปลี่ยนเป็นภาษาไทย

Change to English
 แสดงรายละเอียดบรรณานุกรม
  กลับหน้าหลัก

Brief Record : Get Marc (ISO 2709) : E-mail record : QR code < ปิดหน้าต่าง
LEADER : 00000nam 2200000uu 4500
001    13399120566
003     ULIB
008    120927s2548||||th 000 0 tha d
020    ^a974956555X
060 04 ^aWY86^bท357จ 2548
100 0  ^aทัศนีย์ ทองประทีป
245 10 ^aจิตวิญญาณ :^bมิติหนึ่งของการพยาบาล /^cทัศนีย์ ทองประทีป
250    ^aพิมพ์ครั้งที่ 1
260    ^aกรุงเทพฯ :^bวิทยาลัยเกื้อการุณย์,^c2548
300    ^a190 หน้า ;^c21 ซม
650  7 ^aการพยาบาลด้านจิตวิญญาณ
650  7 ^aการแพทย์แบบพหุลักษณ์
650  7 ^aบริการทางการแพทย์^xแง่ศาสนา
945    ^p180^l0^i24790
995    ^aวิภา
999 ^a ใช้งานได้ทุกระบบ
รายการนี้ยังไม่มีแท็ก
คุณยังไม่ได้ล็อกอิน คุณสามารถมีกิจกรรมร่วมกับเว็บไซต์ได้ แต่ต้องล็อกอินก่อน ::
  ล็อกอิน

รายการสื่อสารสนเทศ

ลำดับที่ ประเภท เลขเรียก/บาร์โค้ด สถานที่ สถานะ
1. วิทยาศาสตร์การแพทย์ และสุขภาพ
วิทยาศาสตร์การแพทย์ และสุขภาพ
WY86 ท357จ 2548  
  Barcode: 24790
ห้องสมุดวิทยาเขตสวรรค์ประชารักษ์
►ส่วนจัดเก็บหนังสือเก่า สปร
บนชั้น
  ขอยืม

รายการใกล้เคียง
    ผู้แต่ง [ทัศนีย์ ทองประทีป]

    หัวเรื่อง [การพยาบาลด้านจิตวิญญาณ]
    หัวเรื่อง [การแพทย์แบบพหุลักษณ์]

BibComment


ยังไม่เคยถูกคอมเมนท์

คอมเมนท์ทรัพยากรรายการนี้
  คอมเมนท์: จิตวิญญาณ มิติห..


 Copyright 2026. Bcnsprnw @Library